[Event "Championnat de France des Jeunes - Benjamines"]
[Site "MONTLUCON"]
[Date "2011.04.23"]
[Round "8.8"]
[White "Koch, Marion"]
[Black "Lucas, Maurane"]
[Result "1/2-1/2"]
[WhiteElo "1650"]
[BlackElo "1670"]
[PlyCount "119"]

1. d4 e6 2. c4 d5 3. Nc3 c5 4. cxd5 exd5 5. Nf3 Be6 6. e3 Nc6 7. Be2 Nf6 8. b3
cxd4 9. Nxd4 Bb4 10. Bd2 O-O 11. Nxc6 bxc6 12. O-O Bxc3 13. Bxc3 Ne4 14. Qd4 f6
15. Rac1 c5 16. Qa4 Qd6 17. Rfd1 f5 18. Qa3 f4 19. Bf3 Bf5 20. Bxe4 Bxe4 21. f3
Bxf3 22. gxf3 fxe3 23. Rf1 Qg6+ 24. Kh1 d4 25. Qxc5 dxc3 26. Qxe3 Rae8 27. Qxc3
Re2 28. Qc4+ Re6 29. Rce1 Rfe8 30. f4 Qf5 31. Re2 Kh8 32. Rxe6 Qxe6 33. Qxe6
Rxe6 34. Rd1 h6 35. Rd7 Re1+ 36. Kg2 Re2+ 37. Kg3 Rxa2 38. h4 Ra3 39. Rb7 a5
40. Kg4 Kh7 41. h5 Ra1 42. Rb5 a4 43. bxa4 Rxa4 44. Kf5 Ra8 45. Rb7 Rf8+ 46.
Kg4 Kg8 47. Rc7 Re8 48. Rb7 Rf8 49. Rc7 Re8 50. Kf5 Rf8+ 51. Kg4 Re8 52. Kf5
Rf8+ 53. Kg4 Re8 54. Kf5 Rf8+ 55. Ke5 Re8+ 56. Kd5 Rf8 57. Ke5 Re8+ 58. Kd5 Rf8
59. Ke5 Re8+ 60. Kd5 1/2-1/2

[Event "Championnat de France des Jeunes - Benjamines"]
[Site "MONTLUCON"]
[Date "2011.04.23"]
[Round "8.9"]
[White "Minaud, Emily"]
[Black "Mirete, Rita"]
[Result "0-1"]
[WhiteElo "1670"]
[BlackElo "1550"]
[PlyCount "88"]

1. e4 e5 2. Nf3 Nc6 3. Nc3 Nf6 4. d4 exd4 5. Nxd4 Ne7 6. Bg5 Ng6 7. Nd5 Be7 8.
Bxf6 Bxf6 9. c3 O-O 10. Bd3 c6 11. Ne3 Bxd4 12. cxd4 Qb6 13. Bc2 Qxb2 14. O-O
Qa3 15. g3 Qa5 16. e5 Qd8 17. Qd3 d6 18. h4 dxe5 19. h5 Qxd4 20. Qxd4 exd4 21.
hxg6 dxe3 22. gxh7+ Kh8 23. fxe3 Be6 24. Rf2 g6 25. Rh2 Rae8 26. e4 f5 27. exf5
Bxf5 28. Bxf5 Rxf5 29. Rb1 b6 30. Rc1 c5 31. Rd1 Rf7 32. Rh6 Kg7 33. h8=Q+ Rxh8
34. Rxh8 Kxh8 35. Rd8+ Kg7 36. Ra8 Rc7 37. Kf1 Kf6 38. Rf8+ Kg5 39. Rg8 Kf5 40.
Rf8+ Kg4 41. Kg2 c4 42. Rf4+ Kg5 43. Rf2 c3 44. Rc2 b5 0-1

[Event "Championnat de France des Jeunes - Benjamines"]
[Site "MONTLUCON"]
[Date "2011.04.23"]
[Round "8.10"]
[White "Legrand, Claire"]
[Black "Broly, Marine"]
[Result "1/2-1/2"]
[WhiteElo "1658"]
[BlackElo "1486"]
[PlyCount "65"]

1. d4 Nf6 2. Nc3 d5 3. e4 dxe4 4. f3 exf3 5. Nxf3 Bg4 6. h3 Bh5 7. g4 Bg6 8.
Ne5 e6 9. Qf3 c6 10. Be3 Nbd7 11. Nxg6 hxg6 12. Bc4 Be7 13. O-O O-O 14. Rf2 Nb6
15. Bb3 Nfd5 16. Ne4 Nxe3 17. Qxe3 Nd5 18. Qd2 Nf6 19. Re1 Nxe4 20. Rxe4 Qc7
21. Qe3 Rad8 22. c3 b5 23. g5 c5 24. Rg4 cxd4 25. cxd4 Qb6 26. Qe4 Rd7 27. Kg2
Qb7 28. Qxb7 Rxb7 29. d5 exd5 30. Bxd5 Rc7 31. h4 a6 32. Re4 Bd6 33. Ree2
1/2-1/2

[Event "Championnat de France des Jeunes - Benjamines"]
[Site "MONTLUCON"]
[Date "2011.04.24"]
[Round "9.1"]
[White "Haussernot, Cecile"]
[Black "Bellaiche, Elise"]
[Result "1-0"]
[WhiteElo "2013"]
[BlackElo "1916"]
[Annotator ""]

1. e4 e6 2. d4 d5 3. Nc3 Nf6 4. e5 Nfd7 5. f4 c5 6. Nf3 Nc6 7. Be3 a6 8. Qd2 b5
9. dxc5 Bxc5 10. Bxc5 Nxc5 11. Qf2 Qb6 12. Bd3 b4 13. Ne2 a5 14. O-O Ba6 15. f5
exf5 16. Kh1 g6 17. Nf4 Ne7 18. Nd4 Ne4 19. Bxe4 dxe4 20. Nxf5 Qxf2 21. Nd6+
Kd7 22. Rxf2 f5 23. Rd1 Kc6 24. Nf7 Rhf8 25. Rd6+ Kb5 26. Ng5 Rfc8 27. b3 a4
28. Nge6 Ka5 29. Nd4 e3 30. Rf3 g5 31. Nd5 e2 32. Re3 f4 33. Rxe2 Nxd5 34.
Rxd5+ Kb6 35. Rd6+ Kb7 36. Re4 axb3 37. Rd7+ Rc7 38. Rxc7+ Kxc7 39. cxb3 Bd3
40. Re1 Rxa2 41. e6 Bg6 42. Nf3 g4 43. Ne5 Ra8 44. Nxg4 Kd6 45. Nf6 Kc5 46. e7
Be8 47. Rd1 Kc6 48. Kg1 Kc7 49. Nd5+ Kb7 50. Nxb4 Kc7 51. Nd5+ Kb7 52. Nxf4 Kc7
53. Nd5+ Kb7 54. Nf6 Kc7 55. Nxh7 Bh5 56. Re1 Be8 57. Nf6 Kd6 58. h4 1-0

[Event "Championnat de France des Jeunes - Benjamines"]
[Site "MONTLUCON"]
[Date "2011.04.24"]
[Round "9.2"]
[White "Joudelat, Noemie"]
[Black "Baldi, Valentine"]
[Result "0-1"]
[WhiteElo "1732"]
[BlackElo "1589"]
[PlyCount "78"]

1. e4 c6 2. d4 d5 3. e5 Bf5 4. Nc3 e6 5. g4 Bg6 6. Nge2 h6 7. h4 Nd7 8. Bg2 c5
9. f4 Ne7 10. Be3 Nc6 11. dxc5 Bxc5 12. Bxc5 Nxc5 13. Nd4 a6 14. f5 Bh7 15.
Nxc6 bxc6 16. fxe6 Nxe6 17. Qd2 O-O 18. O-O-O Rb8 19. Rdg1 Qe7 20. Nd1 Rb4 21.
Bh3 Rc4 22. Ne3 Rd4 23. Qf2 Rb8 24. Nf5 Bxf5 25. gxf5 Rxb2 26. Rxg7+ Kh8 27.
Rg8+ Kxg8 28. Qg3+ Kh7 29. Kxb2 Rb4+ 30. Ka1 Nd4 31. Qd3 Qxe5 32. c3 Nb5 33.
Rc1 c5 34. f6+ Kh8 35. Qd2 Qxf6 36. Qxd5 Nxc3 37. Qa8+ Kh7 38. Rf1 Qxf1+ 39.
Bxf1 Rb1# 0-1

[Event "Championnat de France des Jeunes - Benjamines"]
[Site "MONTLUCON"]
[Date "2011.04.24"]
[Round "9.3"]
[White "Imperor, Lorene"]
[Black "Vernet, Solene"]
[Result "1-0"]
[WhiteElo "1672"]
[BlackElo "1707"]
[PlyCount "123"]

1. d4 Nf6 2. c4 e6 3. Nc3 Bb4 4. Qc2 b6 5. Nf3 Bb7 6. Bg5 d6 7. e3 Nbd7 8. Be2
O-O 9. O-O Bxc3 10. bxc3 h6 11. Bh4 c5 12. Nd2 Qc7 13. e4 cxd4 14. cxd4 d5 15.
e5 Ne4 16. Nxe4 dxe4 17. Rac1 Rac8 18. f3 exf3 19. Bxf3 Bxf3 20. Rxf3 Qb7 21.
Qd2 Qe4 22. Rf4 Qg6 23. Qe2 h5 24. Be7 Rfe8 25. Bd6 Qh6 26. Rff1 h4 27. c5 bxc5
28. dxc5 Nb6 29. Qf2 f6 30. exf6 Qxf6 31. Qxf6 gxf6 32. cxb6 Rxc1 33. Rxc1 axb6
34. Rc4 e5 35. Rxh4 e4 36. Kf2 f5 37. Rf4 e3+ 38. Ke2 Kg7 39. Rxf5 Kg6 40. Re5
Ra8 41. a3 Rh8 42. Rxe3 Kf5 43. Rb3 Rg8 44. Kf3 Ke6 45. Rxb6 Kd5 46. g4 Ke6 47.
g5 Kf5 48. h4 Kg6 49. Kg4 Rc8 50. h5+ Kh7 51. Rb7+ Kg8 52. Rb8 Rxb8 53. Bxb8
Kf7 54. Kf5 Kg7 55. a4 Kf7 56. a5 Ke7 57. a6 Kf7 58. a7 Kg7 59. a8=Q Kf7 60.
Qb7+ Kg8 61. Kg6 Kf8 62. Qf7# 1-0

[Event "Championnat de France des Jeunes - Benjamines"]
[Site "MONTLUCON"]
[Date "2011.04.24"]
[Round "9.4"]
[White "Susini, Noelia"]
[Black "Rouffignac, Marie"]
[Result "1/2-1/2"]
[WhiteElo "1623"]
[BlackElo "1551"]
[PlyCount "124"]

1. e4 e5 2. Nf3 Nc6 3. Nc3 Nf6 4. d4 exd4 5. Nxd4 Bb4 6. Nxc6 Bxc3+ 7. bxc3
dxc6 8. Qxd8+ Kxd8 9. Bd3 h6 10. O-O Be6 11. Bf4 Kd7 12. Rad1 Rad8 13. Rfe1 Kc8
14. Bg3 Rhe8 15. f4 Bg4 16. Rb1 Bd7 17. f5 Re7 18. e5 Nd5 19. c4 Nb6 20. Bh4 f6
21. e6 Be8 22. Rb3 Na4 23. Bf2 b6 24. c5 Rd5 25. Rd1 Kb8 26. Rb4 Nxc5 27. Bxc5
Rxc5 28. Bc4 Kb7 29. g4 a5 30. Ra4 b5 31. Rb1 Ka6 32. Bd3 g6 33. Rf4 gxf5 34.
Bxf5 a4 35. Rd1 Rd5 36. Rfd4 Rxd4 37. Rxd4 c5 38. Rd8 Kb7 39. Kf1 c6 40. Rd3
Kc7 41. Rh3 Kd6 42. Rxh6 Ke5 43. Ke2 c4 44. h4 c5 45. h5 Bc6 46. Rh8 Bd5 47. h6
Bxe6 48. Bxe6 Kxe6 49. Kf3 b4 50. Rb8 Rh7 51. Rb6+ Kf7 52. g5 Kg6 53. gxf6 Kxh6
54. f7+ Kg7 55. Rf6 Kf8 56. Rc6 b3 57. axb3 cxb3 58. cxb3 Rxf7+ 59. Ke4 axb3
60. Rxc5 Rb7 61. Rc1 Ke7 62. Rb1 b2 1/2-1/2

[Event "Championnat de France des Jeunes - Benjamines"]
[Site "MONTLUCON"]
[Date "2011.04.24"]
[Round "9.5"]
[White "Banat, Rizlene"]
[Black "Fraval, Julie"]
[Result "1/2-1/2"]
[WhiteElo "1667"]
[BlackElo "1593"]
[PlyCount "40"]

1. Nf3 d6 2. c4 e5 3. Nc3 Nf6 4. d3 g6 5. g3 Bg7 6. Bg2 O-O 7. O-O a5 8. a3 Nh5
9. Rb1 f5 10. Qc2 Nc6 11. b4 axb4 12. axb4 Nd4 13. Nxd4 exd4 14. Nb5 c6 15. Na3
f4 16. Qb3 fxg3 17. hxg3 Qe7 18. e4 dxe3 19. Bxe3 Bf5 20. Nc2 Qd7 1/2-1/2

[Event "Championnat de France des Jeunes - Benjamines"]
[Site "MONTLUCON"]
[Date "2011.04.24"]
[Round "9.6"]
[White "Dory, Manon"]
[Black "Dusserre, Salome"]
[Result "1-0"]
[WhiteElo "1620"]
[BlackElo "1560"]
[PlyCount "109"]

1. e4 c6 2. d4 d5 3. Nc3 dxe4 4. Nxe4 Nf6 5. Nxf6+ gxf6 6. Bc4 Bf5 7. Nf3 Qc7
8. Qe2 Bg4 9. h3 Bh5 10. g4 Bg6 11. h4 h5 12. g5 fxg5 13. Bxg5 Nd7 14. O-O-O
Nb6 15. Bb3 O-O-O 16. Ne5 Rh7 17. Nxg6 fxg6 18. Qe4 Nd5 19. Qxg6 Rh8 20. Qf5+
Kb8 21. Bxd5 Rxd5 22. Qf7 Ka8 23. Bf4 Qxf4+ 24. Qxf4 Bh6 25. Qxh6 Rxh6 26. Rhe1
e6 27. Re5 Kb8 28. Rxd5 cxd5 29. Kd2 Kc7 30. Rg1 Rf6 31. Ke3 a6 32. Rg7+ Kc6
33. Rh7 Rf5 34. Rh6 Kd6 35. b4 b6 36. a4 a5 37. b5 Kd7 38. f4 Ke7 39. Rh7+ Rf7
40. Rxh5 Rg7 41. Rg5 Rh7 42. h5 Kd7 43. f5 exf5 44. Rxf5 Kd6 45. Kf4 Ke6 46.
Re5+ Kd6 47. Kg5 Rg7+ 48. Kf6 Rg4 49. c3 Rf4+ 50. Rf5 Re4 51. Kg5 Re7 52. h6
Rh7 53. Kg6 Rxh6+ 54. Kxh6 Ke6 55. Kg6 1-0

[Event "Championnat de France des Jeunes - Benjamines"]
[Site "MONTLUCON"]
[Date "2011.04.24"]
[Round "9.7"]
[White "Mirete, Rita"]
[Black "Thomas, Apolline"]
[Result "0-1"]
[WhiteElo "1550"]
[BlackElo "1685"]
[PlyCount "68"]

1. e4 e5 2. Nf3 Nc6 3. d4 exd4 4. Bc4 Bb4+ 5. c3 dxc3 6. bxc3 Ba5 7. O-O d6 8.
Ng5 Nh6 9. Qh5 Ne5 10. Nxf7 Nhxf7 11. Bxf7+ Nxf7 12. Qxa5 O-O 13. f4 b6 14. Qd5
Rb8 15. Rf3 Qh4 16. Nd2 Bb7 17. Qd3 Rbe8 18. Bb2 Nh6 19. Raf1 Qe7 20. Rg3 Bxe4
21. Qa6 Nf5 22. Rh3 Bxg2 23. Kxg2 Ne3+ 24. Rxe3 Qxe3 25. Qc4+ Kh8 26. Nb3 Rf6
27. Kh1 Rh6 28. Qc6 Qe2 29. Rf2 Rxh2+ 30. Kxh2 Qxf2+ 31. Kh3 Re3+ 32. Kg4 Qg3+
33. Kh5 g6+ 34. Kh6 Qh4# 0-1

[Event "Championnat de France des Jeunes - Benjamines"]
[Site "MONTLUCON"]
[Date "2011.04.24"]
[Round "9.8"]
[White "Likhoded, Victoria"]
[Black "Dieuleveut, Floriane"]
[Result "0-1"]
[WhiteElo "1671"]
[BlackElo "1636"]
[PlyCount "56"]

1. c4 e5 2. Nc3 Nc6 3. Nf3 f5 4. d3 Nf6 5. g3 Bc5 6. Bg2 d6 7. O-O O-O 8. a3 a5
9. Bd2 Qe8 10. Nb5 Bb6 11. b4 Qh5 12. e3 f4 13. exf4 Bg4 14. c5 dxc5 15. bxc5
Bxc5 16. Qb3+ Kh8 17. d4 a4 18. Qc3 Ne4 19. Qd3 Nxd2 20. Qxd2 Bxf3 21. dxc5
exf4 22. Qc3 Bxg2 23. Kxg2 f3+ 24. Kh1 Qh3 25. Rg1 Rf6 26. Nd4 Nxd4 27. Qxd4
Rh6 28. Rad1 Qxh2# 0-1

[Event "Championnat de France des Jeunes - Benjamines"]
[Site "MONTLUCON"]
[Date "2011.04.24"]
[Round "9.9"]
[White "Lucas, Maurane"]
[Black "Nicolas, Gabrielle"]
[Result "1/2-1/2"]
[WhiteElo "1670"]
[BlackElo "1580"]
[PlyCount "91"]

1. d4 d5 2. Nf3 Nf6 3. e3 e6 4. Bd3 Bd6 5. Nbd2 O-O 6. O-O Nc6 7. c3 e5 8. e4
Re8 9. Nxe5 Nxe5 10. dxe5 Bxe5 11. f4 Bd6 12. e5 Bc5+ 13. Kh1 Ng4 14. Nf3 Nf2+
15. Rxf2 Bxf2 16. Bxh7+ Kh8 17. Ng5 Be6 18. Qh5 Qd7 19. Bd3+ Kg8 20. Qh7+ Kf8
21. f5 Bxf5 22. Bxf5 Rxe5 23. Bd2 Qxf5 24. Qh8+ Ke7 25. Qxa8 Be1 26. Nf3 Bxd2
27. Nxe5 Qxe5 28. Qxa7 Qe2 29. Qc5+ Kf6 30. Qd4+ Kg6 31. Qg1 Be3 32. Qe1 Qxe1+
33. Rxe1 Bc5 34. Rd1 c6 35. b4 Be7 36. Kg1 Bf6 37. Rd3 Kf5 38. Kf1 Be5 39. h3
f6 40. Ke2 g6 41. a4 g5 42. g4+ Kf4 43. Rf3+ Ke4 44. Re3+ Kf4 45. Rf3+ Ke4 46.
Re3+ 1/2-1/2

[Event "Championnat de France des Jeunes - Benjamines"]
[Site "MONTLUCON"]
[Date "2011.04.24"]
[Round "9.10"]
[White "Quelennec, Amelie"]
[Black "Legrand, Claire"]
[Result "0-1"]
[WhiteElo "1525"]
[BlackElo "1658"]
[PlyCount "154"]

1. b3 d6 2. Bb2 Nd7 3. e3 Ngf6 4. Ne2 e5 5. d4 c6 6. c4 Qc7 7. g3 Be7 8. Bg2
O-O 9. O-O b6 10. Nd2 Bb7 11. Qc2 Rac8 12. Rac1 exd4 13. Nxd4 Nc5 14. b4 Ne6
15. N2b3 Nxd4 16. Nxd4 Rfd8 17. Qf5 Qd7 18. Qxd7 Nxd7 19. Nf5 Bf8 20. Rfd1 Nb8
21. b5 g6 22. Nd4 Bg7 23. Ba1 Rc7 24. bxc6 Bxc6 25. Nb5 Bxb5 26. cxb5 Rxc1 27.
Rxc1 Bxa1 28. Rxa1 Nd7 29. Rc1 Nc5 30. Kf1 Kg7 31. Ke2 f5 32. Bc6 Kf6 33. Rc3
Rc8 34. Rc4 Rd8 35. Rh4 Kg7 36. Rd4 Kf6 37. f3 Ke7 38. g4 Rf8 39. gxf5 Rxf5 40.
Rh4 h5 41. Be4 Nxe4 42. Rxe4+ Kf6 43. a4 Re5 44. Rxe5 Kxe5 45. Kd3 g5 46. h3 d5
47. Kc3 Kd6 48. Kd4 Ke6 49. e4 dxe4 50. Kxe4 Kf6 51. Kd5 Kf5 52. Kc6 Kf4 53.
Kb7 Kxf3 54. Kxa7 g4 55. hxg4 hxg4 56. Kxb6 g3 57. Kc7 g2 58. b6 g1=Q 59. b7
Qc5+ 60. Kd7 Qb6 61. Kc8 Qc6+ 62. Kb8 Qxa4 63. Kc7 Qc4+ 64. Kb6 Qb4+ 65. Kc6
Qf8 66. Kc7 Qe7+ 67. Kb6 Qd8+ 68. Ka7 Qa5+ 69. Kb8 Ke4 70. Kc8 Qc5+ 71. Kd7 Qb6
72. Kc8 Qc6+ 73. Kb8 Kd5 74. Ka7 Qc7 75. Ka8 Qa5+ 76. Kb8 Kc6 77. Kc8 Qc7# 0-1